000 00618nam a22002537a 4500
001 71
003 FISKH
005 20230705130718.0
008 230221b cb ||||| |||| 00| 0 eng d
020 _a9781604725490
040 _aMePoLT
_cMePoLT
_erda
_dFISKH
050 _aQL122 .M58
082 _a591.77
100 1 _aMitten, Luana.
245 1 0 _a What Do You See, in the Sea?
264 1 _aGuangdong :
_bRourke Publishing,
_c2009.
300 _a6 leaves of plates
_c15 cm.
521 8 _a200
_bLexile
521 8 _aC
_bRaz-Plus
650 _afish
650 _aocean
650 _aocean animals
942 _2ddc
_cBK
999 _c71
_d71